000 00461nam a2200157 4500
001 116519
003 ES-MaACL
005 20230906190724.0
007 t|
008 061121s1929 sp r ||||1| spa d
100 1 _aOtaola y Richter, José María.
_987862
245 1 0 _aAborto
_b: su tratamiento : con ocho figuras /
_cJosé María Otaola y Richter.
260 _aMadrid :
_bSucesores de Peña Cruz,
_c1929.
300 _a212 p.
852 _aES-MaACL
_jE-1110
999 _c116519
_d116519